| 000 | 00587nam a22002057a 4500 | ||
|---|---|---|---|
| 005 | 20171219123937.0 | ||
| 010 | _aENG-121912 | ||
| 020 |
_a9789350020227 _c225.00 |
||
| 035 | _aEN-105444 | ||
| 037 | _bDBAD/PUB | ||
| 082 | _a335.43 | ||
| 100 | _aMurzban Jal | ||
| 245 |
_aThe sedutions of Karl Marx / _cby Murzban Jal |
||
| 260 |
_aDelhi _bAakar books _c2010 |
||
| 270 |
_a28 E pocket IV, Mayur Vihar phase I _bDelhi _e110091 |
||
| 300 |
_a231p. _c23cm(Pbk) |
||
| 500 | _aIncludes references and index | ||
| 700 | _aMurzban Jal | ||
| 942 |
_2ddc _cEN _h335.43 _mJAL |
||
| 999 |
_c148060 _d148060 |
||